Odmeňovanie pracovníkov štátnej správy v Rakúsku a SRN.

Úradníci, ktorí spadajú v Rakúsku do kategórie štátnych úradníkov. Štruktúra mesačného platu úradníka všeobecnej správy, závislosť jeho výšky od služobnej triedy. Požadované vzdelanie pre výkon služby. Platové sadzby pre zamestnancov štátnej správy v SRN.

Guardado en:
Detalles Bibliográficos
Autor principal: Kopuncová, B.
Formato: Capítulo de libro
Lenguaje:eslovaco
Materias:
Etiquetas: Agregar Etiqueta
Sin Etiquetas, Sea el primero en etiquetar este registro!

MARC

LEADER 00000naa a2200000 4500
001 r006394
005 20221125081023.3
041 0 |a slo 
044 |a [CS] 
245 1 0 |a Odmeňovanie pracovníkov štátnej správy v Rakúsku a SRN.  |c B. Kopuncová 
520 |a Úradníci, ktorí spadajú v Rakúsku do kategórie štátnych úradníkov. Štruktúra mesačného platu úradníka všeobecnej správy, závislosť jeho výšky od služobnej triedy. Požadované vzdelanie pre výkon služby. Platové sadzby pre zamestnancov štátnej správy v SRN. 
610 2 0 |a mzdy 
610 2 0 |a odmeňovanie 
610 2 0 |a správa štátna 
610 2 0 |a pracovníci administratívni 
610 2 0 |a Rakúsko 
610 2 0 |a Nemecko 
610 2 0 |a údaje štatistické 
100 1 |a Kopuncová, B.